Ishmael Reed and the new Black aesthetic critics /

Bibliographic Details
Main Author: Martin, Reginald, 1956-
Format: Book
Language:English
Published: New York : St. Martin's Press, 1988.
Subjects:

MARC

Tag First Indicator Second Indicator Subfields
LEADER 00000cam a2200000 a 4500
001 in00000023914
005 20151007055554.0
008 870602s1988 nyu b 00110 eng
010 |a  87017356  
020 |a 031201158X :  |c $30.00 (est.) 
035 |a (OCoLC)16085017 
035 |9 AAB8614AM 
040 |a DLC  |c DLC  |d TXA  |d UtOrBLW 
043 |a n-us--- 
049 |a TXAM  |c [A11505141] 
050 0 0 |a PS3568.E365  |b Z78 1988 
082 0 |a 813/.54  |2 19 
100 1 |a Martin, Reginald,  |d 1956- 
245 1 0 |a Ishmael Reed and the new Black aesthetic critics /  |c Reginald Martin. 
264 1 |a New York :  |b St. Martin's Press,  |c 1988. 
300 |a ix, 120 pages ;  |c 23 cm. 
336 |a text  |b txt  |2 rdacontent 
337 |a unmediated  |b n  |2 rdamedia 
338 |a volume  |b nc  |2 rdacarrier 
500 |a On spine: Ishmael Reed & the new Black aesthetic critics. 
504 |a Bibliography: pages 109-116. 
500 |a Includes index. 
600 1 0 |a Reed, Ishmael,  |d 1938-  |x Criticism and interpretation. 
600 1 0 |a Reed, Ishmael,  |d 1938-  |x Aesthetics. 
600 0 |a African American  |x Aesthetics. 
650 0 |a African American in literature. 
650 0 |a Criticism  |z United States  |x History  |y 20th century. 
740 0 |a Ishmael Reed & the new Black aesthetic critics. 
999 |a MARS 
999 f f |s 9c2bb404-70b0-38de-b744-ebd27f8fceee  |i dee41b7e-f94e-3e72-acf5-a0f01891e1f3  |t 0 
952 f f |p ric  |a Texas A&M University  |b Rellis Campus  |c Joint Library Facility  |d Remote Storage  |t 0  |e PS3568.E365 Z78 1988  |h Library of Congress classification  |i unmediated -- volume  |m A14811505141 
998 f f |a PS3568.E365 Z78 1988  |t 0  |l Remote Storage